| 000 | 00893nam a2200229 a 4500 | ||
|---|---|---|---|
| 001 | 39238 | ||
| 003 | BD-RjUL | ||
| 005 | 20211209052940.0 | ||
| 008 | 160406s2010 bg ||||| |||| 00| 0 ben d | ||
| 020 |
_a9840747916 _c: TK.140.00 |
||
| 035 | _a(BD-RjUL)39350 | ||
| 040 |
_aBD-RjUL _bben _cBD-RjUL |
||
| 041 | _aben | ||
| 082 |
_223 _a891.441 _bRAK 2010 |
||
| 100 |
_aরহমান, গাজী আজিজুর _9120990 |
||
| 245 |
_aকবিদের কবি : _bজীবনানন্দ দাশ,শামসুর রাহমান,আবুল হাসান / _cগাজী আজিজুর রহমান |
||
| 260 |
_aঢাকা : _bবাংলা একাডেমী, _c২০১০ |
||
| 300 |
_a[দশ], ২৩৫পৃ. : _c২২ সেমি. |
||
| 650 |
_aBengali Poetry _9120993 |
||
| 650 |
_aবাংলা কবিতা _9120994 |
||
| 942 |
_2ddc _cBK _07 |
||
| 999 |
_c39238 _d39238 |
||